Przetłumacz nazwy państw z angielskiego na polski - Statystyki

Ogólne statystyki
  • Ten quiz został rozwiązany 477 razy
  • Średni wynik to 16 z 18
Statystyki odpowiedzi
język angielski Polskie % Poprawnych
China Chiny
100%
Spain Hiszpania
100%
Germany Niemcy
100%
Poland Polska
100%
Maldives Malediwy
98%
Mexico Meksyk
98%
Italy Włochy
97%
Dominican Republic Dominikana
96%
Kuwait Kuwejt
96%
Switzerland Szwajcaria
96%
United States Stany Zjednoczone
95%
Costa Rica Kostaryka
92%
Croatia Chorwacja
91%
Georgia Gruzja
87%
Seychelles Seszele
83%
Equatorial Guinea Gwinea Równikowa
75%
Central African Republic Republika Środkowoafrykańska
69%
Ivory Coast Wybrzeże Kości Słoniowej
60%
Nie znaleziono quizów pasujących do podanych kryteriów
Rozkład punktacji
Procent ludzi z każdym wynikiem
Percentyl według liczby udzielonych odpowiedzi
Twoja historia wyników
Nie rozwiązałeś tego quizu